000 01847nam a2200253Ia 4500
008 260220t1970||||xx |||||||||||||| ||spa||
040 _aPY-SlUNAC
_bspa
_erda
041 _aspa
082 _a543
_bB255m
100 _aBarnard, J. A.
_eAutor
245 0 _aMétodos modernos de análisis químicos /
_cpor J. A. Barnard [Autor] y R. Chayen [Autor]
264 _aBilbao :
_bUrmo,
_c℗1970.
300 _a1 volumen
520 _aEl libro "Métodos modernos de análisis químicos" de J. A. Barnard, publicado en 1970, es una obra fundamental que aborda las técnicas contemporáneas en el ámbito del análisis químico. A lo largo de sus capítulos, el autor explora una variedad de métodos analíticos, destacando la importancia de la precisión y la exactitud en las mediciones químicas. Barnard presenta una visión integral de los principios teóricos que sustentan cada técnica, así como su aplicación práctica en laboratorios. Se discuten métodos tanto cualitativos como cuantitativos, abarcando técnicas instrumentales avanzadas que han revolucionado el análisis químico, como la espectroscopía y la cromatografía. Además, el texto incluye consideraciones sobre la interpretación de datos y la validación de resultados, enfatizando la necesidad de un enfoque metódico y riguroso en la investigación científica. En conjunto, la obra se convierte en una referencia esencial para estudiantes y profesionales en el campo de la química, promoviendo una comprensión profunda de las metodologías analíticas actuales.
653 _aAnálisis químico
653 _aMétodos de investigación
653 _aQuímica
700 _aChayen, R.
_eAutor
942 _b2026/02/17
_cBK
999 _c7893
_d7893